000 00452nam a2200193Ia 4500
005 20250603145502.0
008 250603s9999 xx 000 0 und d
020 _a9781444335019
050 _aNK 1160 .B88/
100 _aBufferfield, Derek...[et al.]
245 0 _aPainting and decorating.
250 _a6th ed.
260 _aNew York
260 _bWiley-Blackwell
260 _c2011
300 _a308 p
650 _aNew York
942 _cBK
999 _c41995
_d41995